000 00366nam a2200109 4500
082 _a808.83,THE
100 _aA.A.Dixon
_9107463
245 _aThe Last Days of Pompeh /
_cA.A.Dixon
260 _6London
_aGlasgow Collins,Clear type Press
505 _aBook I. (Page-9), Book II (Page-105), Book II (Page-183), Book IV (Page-283), Book V (Page-424).
942 _2ddc
_cBK
999 _c592975
_d592975